000 01161nac a22004334a 4500
001 UByD002784
003 AR-LpoUNG
005 20240603100605.0
008 240528s2017||||sp ad||g 001|0dspa d
020 _a9788447391103 (v.12)
020 _a9788447387755 (obra completa)
040 _aAR-LpoUNG
_bspa
_cAR-LpoUNG
_eaacr
041 0 _aspa
044 _asp
082 0 4 _a510 331v12
100 1 _aGorriz Farré, Maite
245 1 0 _aNapier :
_bla semilla del cálculo y la computación
250 _a1ra. ed.
260 _a[Barcelona] :
_bRBA,
_c2017.
300 _a159 p. :
_bil., gráfs., tbls.
490 0 _aGenios de las matemáticas
650 4 _aCIENTIFICOS
650 4 _aMATEMATICOS
650 4 _aMATEMATICAS
650 4 _aARITMETICA
650 4 _aGEOMETRIA
650 4 _aCOMPUTADORAS
650 4 _aCOMPUTACION
650 4 _aBIOGRAFIAS
650 4 _aHISTORIA DE LAS CIENCIAS
650 4 _aANALISIS HISTORICO
650 4 _aDIVULGACION CIENTIFICA
653 0 _aLOGARITMOS
653 0 _aTABLAS LOGARITMICAS
653 1 _aNAPIER, JOHN
700 1 _aVilches Latorre, Santiago
905 _a13864
942 _cLIB
_2ddc
999 _c65350
_d65350